MDQL
is popping MORE tags! Check the
thread
!
Quizzes
Events
Quiz Creation
Community
Videos
Private Events
Remove Ads
Sign In
Join for FREE
Feedback
Dark Mode
Quiz Categories
Sports
Geography
Music
Movies
Television
Just For Fun
Miscellaneous
History
Literature
Language
Science
Gaming
Entertainment
Religion
Holiday
For Kids
Quiz Lab
Recent
Popular Today
Quiz Kudos Today
Editor Picks
Curator Picks
Quizzes by...
Day
Popularity
Type
Ratings
Length
Year
Community
Subscriptions
Recent Discussions
Orange Saloon
Badges
Playlists
Quests
Create
Leaderboards
Showdown
Live 5
Trivia Bingo
Activity
Puzzle Library
Sporcle Events
Private Events
Virtual Trivia
Globe League
Become a Host
Pub Owners
SporcleCon
Opinionation
Our Games
Videos
Blog
Mobile Apps
Partnerships
Remove Ads and Go Orange
Feedback
Television
TV Characters
TV Show
Sitcom
Network
Friends
Reality Shows
Cast
South Park
Star Trek
The Simpsons
Doctor Who
Television
TV Characters
TV Show
Sitcom
Network
Friends
Reality Shows
Cast
South Park
Star Trek
The Simpsons
Doctor Who
Random Quiz
Search Sporcle
×
Curator Pick
Curator Pick
Television
Quote
Select answers by clicking on text or image buttons
Select answers by clicking on text or image buttons
Clickable
Best Score? Go Orange.
Follow the Blackadder line Stats
Can you guess the correct line that follows the Blackadder quote?
By
amyvsmith1989
5m
21 Questions
988 Plays
988 Plays
988 Plays
Comments
Comments
Give Quiz Kudos
Give Quiz Kudos
-
- Ratings
hide this ad
Forced Order
Answers have to be entered in order
Answers have to be entered in order
Replay
Link that replays current quiz
Next Quiz
Link to next quiz in quiz playlist
You Got
0%
They Got
Avg Score
87%
Avg Friend Score
Upgrade to see
Score Distribution
Jump to the score distribution portion of the page
Score
0/21
Timer
05:00
0
Plays Today
% Correct
Yes, it's the only way I can be sure of intelligent conversation around here!
91.1%
Well the normal procedure is to leap 200 feet into the air and scatter yourself over a large area.
90.8%
Actually, no, I was more impressed by the contents of my handkerchief, the last time I blew my nose
90.4%
To catch mice my lord. I lie on the floor with my mouth open and hope they scurry in.
89.9%
Well, go to Spain. There are millions of them.
89.8%
Remember it?! How could I forget it?! I was never offside; I could not BELIEVE that decision!
89.3%
Almost as tragic as Archbishop Bertram being struck by a falling gargoyle whilst swimming off Beachy Head.
89.2%
Okay, make a sentence out of the following words: Face. Sodding. Your. Shut.
89.2%
George, the day this war began, I was cheesed off. Within ten minutes of you turning up, I finished the cheese and moved on to the coffee and cigars. And at this late stage, I am in a cab with two lady companions on my way to The Pink Pussycat in Lower Regent Street.
88.8%
Your own father never can, sir - he's mad.
88.7%
Would this brilliant plan involve us climbing out of our trenches and walking very slowly towards the enemy?
87.8%
% Correct
Well, you've come to the right place, Bob. A war hasn't been fought this badly since Olaf the Hairy, High Chief of all the Vikings, accidentally ordered eighty thousand battle helmets with the horns on the inside.
87.7%
I have not got any uncles like that! And anyway, he lives in Walton-on-the-Naze!
87.1%
These modern girls.
86.9%
Don't patronise me, you lower-middle class yobbo! What flavour is it?
86.2%
So is eating frogs, cruelty to geese and urinating in the street. But that's no reason to inflict it on the rest of us!
86%
Some hope. He's the most overrated human being since Judas Iscariot won the AD31 Best Disciple Competition.
85.9%
Yeah, and I could be played by some tiny tit in a beard.
85.2%
In which case, Percy, you must have the most fashionable brain in London.
83.6%
They sound ideal!
80.5%
How dare you, sir! You think, just because we're actors, we sleep with everyone!
78%
Quiz Playlist
Details
Report
Send in Message
Add To Playlist
Clickable:
Select answers by clicking on text or image buttons
Forced Order:
Answers have to be entered in order
Last Updated: Mar 12, 2017
Curator Pick in
Follow That Line
Quiz Scoreboard
CHALLENGE
Sign Up to Join the Scoreboard
Show All
Scores
Hide
Comments
May contain spoilers
Recently Published
Colored Red Africa Blitz
by spor1
Geography
30s
Find the 'City' Movie
by crazypaving
Movies
60s
5x2 Blitz: Bands
by SL_Kpop136
Music
30s
More to Explore
Quiz From the Vault
Featured Blog Post
14 Easter Pick-up Lines to Find Eggs With
hide this ad
You Might Also Like...
Tags
Clickable Quiz
Follow That Line Quiz
Quote Quiz
Blackadder
Follow
Today's Top Quizzes in Television
Browse Television
hide this ad
Today's Top Quizzes in Quote
Browse Quote
Top Contributed Quizzes in Television
1
Survivor Journey Challenge
2
Brooklyn Nine Nine Logic Puzzle (How-To-Play)
3
Phoebe Buffay Quotes
4
Survivor Trivia
5
Total Drama Characters
6
Survivor Logic Puzzle: Heroes vs. Villains
7
One Tree Hill Logic Puzzle
8
Survivor Heroes vs. Villains Logic Puzzle
9
All US Survivor Seasons in Order
10
Adjectives in 00s TV Shows
Explore More
Trending Topics
Kpop
Disney
Harry Potter
NBA
Marvel
Anime
Crossword
Puzzle
Soccer
Song
Country
NFL
Pokémon
WWE
The Office
hide this ad
More By:
amyvsmith1989
Quiz
Plays
Rating
Category
Featured
Created
Peep Show characters by quote
2,871
5.00
Television
Jan 10, 2016
Once Upon A Time: Follow the line (Season one)
2,656
4.50
Television
Aug 18, 2016
Follow The Line: Sherlock (Series One)
1,566
4.89
Television
Aug 25, 2016
Follow the Brooklyn 99 Line (Series 1)
1,258
5.00
Television
Jun 6, 2020
Once Upon A Time: Follow the line (Season three)
1,145
4.50
Television
Aug 20, 2016
Go to Creator's Profile
Score Distribution
Quiz Creator Spotlight
amyvsmith1989
Follow
Send a Message
Quizzes Created
-
Created Quiz Play Count
-
More By This Creator
Popular Quizzes Today
1
Colored Red Africa Blitz
2
Find the 'City' Movie
3
5x2 Blitz: Bands
4
Find the US States - No Outlines Minefield
5
The Countries of the World
6
Find the US States
7
US States
8
Find the Countries of Europe - No Outlines Minefield
More Television Quizzes
Julie and the Phantoms Character Crossword II
Quiz Lab
Trending Quizzes
Colored Red Europe Blitz I
Colored Red Africa Blitz II
Colored Red Europe Blitz II
Colored Red Africa Blitz III
Colored Red Europe Blitz III
Recently Updated
How Do You Spell That?
pecheneg
Godzilla Movies
pecheneg
Grab Bag: 4-10 Letters
pecheneg
2024 March Madness Bracket
pecheneg
Famous TV Couples
Peacemaker
Champions League XIs: Real Madrid
pecheneg
Largest US Cities 1790-2010
pecheneg
Rides in Walt Disney World
pecheneg
Most Oscar Losses (Acting)
pecheneg
Beyoncé Albums
pecheneg
Trending Topics
Harry Potter
NBA
Anime
Disney
Kpop
Marvel
Crossword
The Office
Pokémon
Puzzle
WWE
Song
Country
NFL
Soccer
Your Account Isn't Verified!
In order to create a playlist on Sporcle, you need to verify the email address you used during registration. Go to your
Sporcle Settings
to finish the process.
Report this User
Report this user for behavior that violates our
Community Guidelines
.
Details:
Send Report
Go to the Sporcle.com Mobile Site →
Comments